|
|
|
|
| LEADER |
00000nam0a2200000 4500 |
| 001 |
57451 |
| 005 |
20231101211653.0 |
| 010 |
|
|
|a 5030035400
|
| 035 |
|
|
|a (RuTPU)RU\TPU\book\60617
|
| 090 |
|
|
|a 57451
|
| 100 |
|
|
|a 20031104d2002 k y0rusy50 ca
|
| 101 |
0 |
|
|a rus
|
| 102 |
|
|
|a RU
|
| 105 |
|
|
|a a z 001zy
|
| 200 |
1 |
|
|a Ассоциация жидких органических соединений: влияние на физические свойства и полимеризационные процессы
|f Г. В. Королев, М. М. Могилевич, А. А. Ильин
|
| 210 |
|
|
|a Москва
|c Мир
|d 2002
|
| 215 |
|
|
|a 264 с.
|c ил.
|
| 320 |
|
|
|a Библиогр.: с. 258-263
|
| 606 |
1 |
|
|a Органические соединения, жидкие
|2 stltpush
|3 (RuTPU)RU\TPU\subj\75462
|9 87226
|
| 610 |
1 |
|
|a химия
|
| 610 |
1 |
|
|a ассоциации
|
| 610 |
1 |
|
|a физические свойства
|
| 610 |
1 |
|
|a межмолекулярные взаимодействия
|
| 610 |
1 |
|
|a эфиры
|
| 610 |
1 |
|
|a акриловый ряд
|
| 610 |
1 |
|
|a радикальная полимеризация
|
| 610 |
1 |
|
|a кинетика
|
| 675 |
|
|
|a 547-1
|v 3
|
| 675 |
|
|
|a 539.196
|v 3
|
| 700 |
|
1 |
|a Королев
|b Г. В.
|g Геннадий Владимирович
|
| 701 |
|
1 |
|a Могилевич
|b М. М.
|g Михаил Маркович
|
| 701 |
|
1 |
|a Ильин
|b А. А.
|g Александр Алексеевич
|
| 801 |
|
1 |
|a RU
|b 63413507
|c 20031104
|g PSBO
|
| 801 |
|
2 |
|a RU
|b 63413507
|c 20160704
|g PSBO
|
| 942 |
|
|
|c BK
|